header

Evaluating a decade of World Bank gender policy, 1990-99 (Record no. 98574)

MARC details
000 -LEADER
fixed length control field 01384nam a22003494a 4500
082 04 - DEWEY DECIMAL CLASSIFICATION NUMBER
Classification number 338.91/1724/082
245 10 - TITLE STATEMENT
Title Evaluating a decade of World Bank gender policy, 1990-99
250 ## - EDITION STATEMENT
Edition statement 1st ed.
260 ## - PUBLICATION, DISTRIBUTION, ETC. (IMPRINT)
Place of publication Washington, D.C. :
Name of publisher World Bank,
Year of publication 2005.
300 ## - PHYSICAL DESCRIPTION
Number of Pages xx, 101 p. :
Other physical details ill.
650 #0 - SUBJECT ADDED ENTRY--TOPICAL TERM
Topical Term Economic assistance
Topical Term Women in development
856 40 - ELECTRONIC LOCATION AND ACCESS
Uniform Resource Identifier http://site.ebrary.com/lib/rucke/Doc?id=10096185

No items available.

© 2026 Rongo University
Contact us: librarian | system librarian | Rongo university